书目信息 |
| 题名: |
我的祖父马连良
|
|
| 作者: | 马龙 著 | |
| 分册: | ||
| 出版信息: | 北京 团结出版社 2007.01 |
|
| 页数: | 311, [8] 页图版 | |
| 开本: | 23cm | |
| 丛书名: | ||
| 单 册: | ||
| 中图分类: | K825.78 | |
| 科图分类: | ||
| 主题词: | 京剧--jing ju--艺术家--传记--中国--现代 | |
| 电子资源: | ||
| ISBN: | 978-7-80214-198-8 | |
| 000 | 00901nam0 2200241 450 | |
| 001 | 012007068084 | |
| 005 | 20071010152413.90 | |
| 010 | @a978-7-80214-198-8@dCNY39.00 (含光盘) | |
| 100 | @a20070803d2007 km y0chiy0120 ea | |
| 101 | 0 | @achi |
| 102 | @aCN@b110000 | |
| 105 | @aacfhz 000yb | |
| 200 | 1 | @a我的祖父马连良@Awo de zu fu ma lian liang@f马龙著@Fma long zhu |
| 210 | @a北京@c团结出版社@d2007.01 | |
| 215 | @a311, [8] 页图版@c图 (部分彩图), 肖像, 摹真@d23cm@e光盘1片 | |
| 307 | @a光盘 ISRC : CN-E28-06-331-00 | |
| 330 | @a本书内容包括:第一章为学艺生涯地,第二章为独树一帜,第三章为步入辉煌,第四章为惨淡经营,第五章为艺海沉浮,第六章为困居香港,第七章为东山再起等。 | |
| 600 | 0 | @a马连良,@Ama lian liang@f1901-1966@x平生事迹 |
| 606 | 0 | @a京剧@Ajing ju@x艺术家@x传记@y中国@z现代 |
| 690 | @aK825.78@v4 | |
| 701 | 0 | @a马龙@Ama long@4著 |
| 801 | 0 | @aCN@c20071010 |
| 905 | @dK825.78@eM094 | |
| 我的祖父马连良/马龙著.-北京:团结出版社,2007.01 |
| 311, [8] 页图版:图 (部分彩图), 肖像, 摹真;23cm+光盘1片 |
| ISBN 978-7-80214-198-8:CNY39.00 (含光盘) |
| 本书内容包括:第一章为学艺生涯地,第二章为独树一帜,第三章为步入辉煌,第四章为惨淡经营,第五章为艺海沉浮,第六章为困居香港,第七章为东山再起等。 |
| ● |
| 相关链接 |
|
|
|
正题名:我的祖父马连良
索取号:K825.78/M094
 
预约/预借
| 序号 | 登录号 | 条形码 | 馆藏地/架位号 | 状态 | 备注 |
| 1 | 251998 | 202519989 | 社科库309/309社科库 54排6列2层/ [索取号:K825.78/M094] | 在馆 | |
| 2 | 251999 | 202519998 | 社科库309/309社科库 54排6列2层/ [索取号:K825.78/M094] | 在馆 | |
| 3 | 252000 | 202520003 | 社科库309/309社科库 54排6列2层/ [索取号:K825.78/M094] | 在馆 |